Normal view MARC view

Entry Personal Name

Number of records used in: 1

001 - CONTROL NUMBER

  • control field: 1236804

003 - CONTROL NUMBER IDENTIFIER

  • control field: OSt

005 - DATE AND TIME OF LATEST TRANSACTION

  • control field: 20260430150217.0

008 - FIXED-LENGTH DATA ELEMENTS

  • fixed length control field: 260430|| aca||aabn | a|a d

040 ## - CATALOGING SOURCE

  • Original cataloging agency: OSt
  • Transcribing agency: OSt

100 ## - HEADING--PERSONAL NAME

  • Personal name: Dahiya Priyanka Au.; Rai Umesh Gu.; Mazumder Shibnath Gu

670 ## - SOURCE DATA FOUND

  • Source citation: Work cat.: (OSt)1849225: Dahiya Priyanka Au.; Rai Umesh Gu.; Mazumder Shibnath Gu., To study the role of store operated calcium entry (STIM1/Orail) signalling in mycobacterium fortuitum induced pathogenesis in clarias gariepinus, 2021
Copyright @ Delhi University Library System